• 首页
  • 本馆介绍
  • 公告通知
  • 最新文献
  • 馆藏检索
  • 电子资源
  • 读者荐购
  • 参考咨询
  • CALIS
  • 我的图书馆
  • 登录
  • 详细信息显示
  • 放入我的书架
  • 预约/预借图书
  • 作者相关作品
  • 分类相关作品
  • 丛书相关作品
  • 出版社相关作品

书目信息

  • 表格格式
  • 工作单格式
  • 卡片格式
题名:
扎拉和仙子教兄
    
 
作者: 玛格丽特·瑞安 著 ;肖尔托·沃克 绘
分册: 3   六级
出版信息: 北京   外语教学与研究出版社  2021.03
页数: 23页
开本: 20cm
丛书名:
单 册:
中图分类: H319.4
科图分类:
主题词: 英语
电子资源:
ISBN: 978-7-5213-1642-1
 
 
 
 
 
000 00900nam0 2200253 450
001 2657920231
005 20260626160746.20
010    @a978-7-5213-1642-1
100    @a20260626d2021 km y0chiy0120 ea
101 0  @achi
102    @aCN@b110000
200 1  @a扎拉和仙子教兄@AZha La He Xian Zi Jiao Xiong@e大猫英语分级阅读@h3@i六级@f(英)玛格丽特·瑞安著;(英)肖尔托·沃克绘@F(Ying)Ma Ge Li Te·Rui An Zhu;(Ying)Xiao Er Tuo·Wo Ke Hui
210    @a北京@c外语教学与研究出版社@d2021.03
215    @a23页@d20cm
300    @a适合小学四、五年级
503    @n河南城建学院图书馆
517 1  @a大猫英语分级阅读@ADa Mao Ying Yu Fen Ji Yue Du
517 1  @a六级@ALiu Ji
606 0  @a英语
690    @aH319.4@v4
701  0 @a玛格丽特·瑞安@AMa Ge Li Te·Rui An@4著
702  0 @a肖尔托·沃克@AXiao Er Tuo·Wo Ke@4绘
801  0 @aCN@b大连网信软件有限公司图书馆·11@c20260626
905    @aZUCC@dH319.4@eM2521:6:3
    
    扎拉和仙子教兄:大猫英语分级阅读.3.六级/(英)玛格丽特·瑞安著;(英)肖尔托·沃克绘.-北京:外语教学与研究出版社,2021.03
    23页;20cm
    适合小学四、五年级
    
    ISBN 978-7-5213-1642-1:
    
●
相关链接 在E读中查询图书 在当当中查询图书 在豆瓣中查询图书


正题名:扎拉和仙子教兄     索取号:H319.4/M2521:6:3         预约/预借

序号 登录号 条形码 馆藏地/架位号 状态 备注
1 1557160   215571600   外国语学院资料室/ [索取号:H319.4/M2521:6:3] 在馆    
河南城建学院图书馆 欢迎您!
大连网信软件有限公司© 版权所有